000 00291nam a22001217a 4500
999 _c190
_d190
005 20181103145640.0
008 181103b ||||| |||| 00| 0 eng d
040 _cCoMeUDC
082 _aecyccam
245 _aVideo Cámara
300 _bCaja+cable poder+cable RCA+2 baterias
942 _2ddc
_cCAM